河北省小测验-Hebei Province Quiz - Statistics

General Stats
  • This quiz has been taken 29 times
  • The average score is 18 of 22
Answer Stats
提示 答案 % Correct
省会城市 石家庄市
96%
相邻的省级行政区 天津市
96%
这座关隘被称为“天下第一关” 山海关
96%
这座城市被誉为“中国成语典故之都” 邯郸
96%
相邻的省级行政区 辽宁省
92%
相邻的省级行政区 内蒙古自治区
92%
相邻的省级行政区 山西省
92%
相邻的省级行政区 河南省
92%
相邻的省级行政区 山东省
92%
相邻的省级行政区 北京市
92%
这座夏宫是世界现存最大皇家园林 承德避暑山庄
92%
主要的汉方言大类 官话
88%
这座桥是世界上现存年代久远、跨度最大、 保存最完整的单孔坦弧敞肩石拱桥 安济桥
88%
京张铁路由这位工程师主持修建 詹天佑
88%
华北地区最大的水系 {海河}水系
85%
这个地级市是京杭大运河流经里程最长的城市 沧州市
85%
华北平原最大的淡水湖泊 白洋淀
69%
这位汉末三国时期的蜀汉名将出生于河北涿州 张飞
65%
这位中国共产主义运动的先驱出生于河北乐亭 李大钊
65%
主要的汉方言大类 晋语
62%
这位西汉思想家出生于今河北景县, 他曾提出“天人感应”一说 董仲舒
50%
这种发源于河北唐山的戏剧是中国五大戏曲剧种之一 评剧
46%
No matching quizzes found
Score Distribution
Percent of People with Each Score
Percentile by Number Answered
Your Score History
You have not taken this quiz